Detalles MARC
| 000 -CABECERA |
| campo de control de longitud fija |
02188nam a2200361 a 4500 |
| 001 - NÚMERO DE CONTROL |
| campo de control |
000024463 |
| 005 - FECHA Y HORA DE LA ÚLTIMA TRANSACCIÓN |
| campo de control |
20250311111111.0 |
| 008 - DATOS DE LONGITUD FIJA--INFORMACIÓN GENERAL |
| campo de control de longitud fija |
110127s1998 mx a r 000 | spa d |
| 020 ## - NÚMERO INTERNACIONAL ESTÁNDAR DEL LIBRO |
| Número Internacional Estándar del Libro |
9684442629 |
| 040 ## - FUENTE DE LA CATALOGACIÓN |
| Centro catalogador/agencia de origen |
DO-SdBNP |
| Lengua de catalogación |
spa |
| Centro/agencia transcriptor |
BNPHU |
| 082 ## - NÚMERO DE LA CLASIFICACIÓN DECIMAL DEWEY |
| Número de clasificación |
001.42 |
| Número de documento/Ítem |
T252i |
| 049 ## - FONDOS LOCALES (OCLC) |
| Fondos de biblioteca |
BNGR |
| 245 00 - MENCIÓN DE TÍTULO |
| Título |
Técnicas de investigación en sociedad, cultura y comunicación / |
| Mención de responsabilidad, etc. |
colaboración Luis Jesús Galindo Cáceres ... [et al.] ; edición Miguel Ángel Calderón Reyes. |
| 260 ## - PUBLICACIÓN, DISTRIBUCIÓN, ETC. |
| Lugar de publicación, distribución, etc. |
México, D. F. : |
| Nombre del editor, distribuidor, etc. |
Pearson Educación, |
| Fecha de publicación, distribución, etc. |
1998. |
| 300 ## - DESCRIPCIÓN FÍSICA |
| Extensión |
523 p. : |
| Otras características físicas |
il. ; |
| Dimensiones |
23 cm. |
| 504 ## - NOTA DE BIBLIOGRAFÍA, ETC. |
| Nota de bibliografía, etc. |
Incluye referencias bibliográficas al final de los capítulos |
| 505 0# - NOTA DE CONTENIDO CON FORMATO |
| Título |
Introducción. La lucha de la luz y la sombra / |
| Mención de responsabilidad |
Luis Jesús Galindo Cáceres |
| Título |
La metodología de la encuesta / |
| Mención de responsabilidad |
Heriberto López Romo |
| Título |
Grupos de discusión. De la investigación social a la investigación social a la investigación reflexiva / |
| Mención de responsabilidad |
Bernardo Russi Alzaga |
| Título |
Análisis del discurso / |
| Mención de responsabilidad |
Julieta Haidar |
| Título |
Hacia una metodología del discurso histórico / |
| Mención de responsabilidad |
Alfonso Mendiola y Guillermo Zermeño |
| Título |
La historia oral y de vida: del recurso técnico a la experiencia de investigación / |
| Mención de responsabilidad |
Jorge E. Aveces Lozano |
| Título |
Función y sentido de la entrevista cualitativa en investigación / |
| Mención de responsabilidad |
Francisco Sierra |
| Título |
Etnografía. El oficio de la mirada y el sentido / |
| Mención de responsabilidad |
Luis Jesús Galindo Cáceres |
| Título |
Análisis semántico basada en imágenes: un enfoque etnometodológico / |
| Mención de responsabilidad |
Reginald A. Clifford |
| Título |
Investigación acción participativa / |
| Mención de responsabilidad |
Marta Alcocer |
| Título |
Heurística / |
| Mención de responsabilidad |
Guillermo Espinosa Velasco |
| 650 #4 - PUNTO DE ACCESO ADICIONAL DE MATERIA--TÉRMINO DE MATERIA |
| Término de materia o nombre geográfico como elemento de entrada |
Investigación social |
| Subdivisión general |
Metodología |
| 9 (RLIN) |
8598 |
| 650 #0 - PUNTO DE ACCESO ADICIONAL DE MATERIA--TÉRMINO DE MATERIA |
| Término de materia o nombre geográfico como elemento de entrada |
Investigación |
| 9 (RLIN) |
2 |
| 650 #0 - PUNTO DE ACCESO ADICIONAL DE MATERIA--TÉRMINO DE MATERIA |
| Término de materia o nombre geográfico como elemento de entrada |
Ciencia - |
| Subdivisión general |
Metodología |
| 9 (RLIN) |
3 |
| 650 #4 - PUNTO DE ACCESO ADICIONAL DE MATERIA--TÉRMINO DE MATERIA |
| Término de materia o nombre geográfico como elemento de entrada |
Elaboración de proyectos |
| 9 (RLIN) |
20595 |
| 700 1# - PUNTO DE ACCESO ADICIONAL--NOMBRE DE PERSONA |
| Nombre de persona |
Espinoza, Guillermo |
| 9 (RLIN) |
50147 |
| 700 1# - PUNTO DE ACCESO ADICIONAL--NOMBRE DE PERSONA |
| Nombre de persona |
Aveces Lozano, Jorge E. |
| 9 (RLIN) |
50148 |
| 700 1# - PUNTO DE ACCESO ADICIONAL--NOMBRE DE PERSONA |
| Nombre de persona |
López Romo, Heriberto |
| 9 (RLIN) |
50149 |
| 700 1# - PUNTO DE ACCESO ADICIONAL--NOMBRE DE PERSONA |
| Nombre de persona |
Clifford, Reginald A. |
| 9 (RLIN) |
50150 |
| 700 1# - PUNTO DE ACCESO ADICIONAL--NOMBRE DE PERSONA |
| Nombre de persona |
Russi, Bernardo |
| 9 (RLIN) |
50151 |
| 700 1# - PUNTO DE ACCESO ADICIONAL--NOMBRE DE PERSONA |
| Nombre de persona |
Alcocer, Marta |
| 9 (RLIN) |
50152 |
| 700 1# - PUNTO DE ACCESO ADICIONAL--NOMBRE DE PERSONA |
| Nombre de persona |
Haidar, Julieta |
| 9 (RLIN) |
40777 |
| 700 1# - PUNTO DE ACCESO ADICIONAL--NOMBRE DE PERSONA |
| Nombre de persona |
Sierra, Francisco |
| 9 (RLIN) |
50153 |
| 700 1# - PUNTO DE ACCESO ADICIONAL--NOMBRE DE PERSONA |
| Nombre de persona |
Mendiola, Alfonso |
| 9 (RLIN) |
50154 |
| 700 1# - PUNTO DE ACCESO ADICIONAL--NOMBRE DE PERSONA |
| Nombre de persona |
Zermeño , Guillermo |
| 9 (RLIN) |
50155 |
| 700 1# - PUNTO DE ACCESO ADICIONAL--NOMBRE DE PERSONA |
| Nombre de persona |
Galindo Cáceres, Luis Jesús |
| 9 (RLIN) |
32937 |